| 000 | 00930nam a22002537a 4500 | ||
|---|---|---|---|
| 005 | 20170124103005.0 | ||
| 010 | _aA-099890 | ||
| 020 | _c20.00 | ||
| 035 | _aA-099890 | ||
| 037 | _bCen Lib/Ret | ||
| 040 |
_aDPL _bHN |
||
| 082 |
_aउ _bगर्गल |
||
| 100 |
_aगर्ग, लक्ष्मीनारायण _945269 |
||
| 245 |
_aसिरफिरा / _cलक्ष्मीनारायण गर्ग |
||
| 246 |
_aSirphira / _bby Lakshmi Narain Garg |
||
| 260 |
_aदिल्ली _bकिताबघर _c1982 |
||
| 270 |
_aमेन रोड, गाँधी नगर _bदिल्ली _e110031 |
||
| 300 |
_a160पृ. _c17सेमी (सजिल्द) |
||
| 650 |
_aहिन्दी साहित्य _956128 |
||
| 650 |
_aउपन्यास _956129 |
||
| 650 |
_aHindi literature _956130 |
||
| 650 |
_aFiction _98901 |
||
| 942 |
_2ddc _cHN _hउ _mगर्गल |
||
| 999 |
_c114264 _d114264 |
||